000 00814 a2200205 4500
008 150513b xxu||||| |||| 00| 0 eng d
020 _a9789966022042
050 _aPN56.K36
_bW35 2014
100 _aWakhungu-Githuku, Susan.
245 _aWisdom of the elders:
_bpersonal reflection of over 70 Kenyans who have lived through changing times /
_c compiled by: Susan Wakhungu-Githuku ; photography by: Bobby Pall.
260 _b Footprints Press,
_c2014
_aNairobi, Kenya :
300 _a 668 pages ;
_bill. ports
_c 26 cm
650 _a Older people
_v Interviews.
_zKenya
650 _aOlder people
_vBiography.
_z Kenya
650 _aKenya
_x History.
650 _aSuccessful people
_vBiography
650 _a Biography
_y20th century
700 _aPall, Boby
_cPhotography
942 _cBK
_2lcc
999 _c44627
_d44627